[Event "European Youth Chess Championship G18"]
[Site "Prague, Top Hotel Prague"]
[Date "2012.08.22"]
[Round "6.1"]
[White "Wisniowska, Klaudia"]
[Black "Imeeva, Aisa"]
[Result "0-1"]
[WhiteElo "2181"]
[BlackElo "2095"]
[PlyCount "0"]
[EventDate "2012.08.17"]

1. e4 {[%clk 1:30:58]} e5 {[%clk 1:30:57]} 2. Nf3 {[%clk 1:31:24]} Nc6
{[%clk 1:31:22]} 3. Bb5 {[%clk 1:31:49]} a6 {[%clk 1:31:47]} 4. Ba4
{[%clk 1:32:15]} Nf6 {[%clk 1:32:08]} 5. O-O {[%clk 1:32:40]} Be7
{[%clk 1:32:33]} 6. Re1 {[%clk 1:33:02]} b5 {[%clk 1:32:57]} 7. Bb3
{[%clk 1:33:27]} d6 {[%clk 1:33:20]} 8. c3 {[%clk 1:33:54]} O-O {[%clk 1:33:42]}
9. h3 {[%clk 1:34:21]} Na5 {[%clk 1:34:04]} 10. Bc2 {[%clk 1:34:46]} c5
{[%clk 1:34:27]} 11. d4 {[%clk 1:35:11]} Qc7 {[%clk 1:34:50]} 12. Nbd2
{[%clk 1:35:35]} cxd4 {[%clk 1:35:09]} 13. cxd4 {[%clk 1:36:00]} Nc6
{[%clk 1:35:31]} 14. Nb3 {[%clk 1:35:52]} a5 {[%clk 1:35:47]} 15. Be3
{[%clk 1:36:15]} a4 {[%clk 1:36:10]} 16. Nbd2 {[%clk 1:36:41]} Bd7
{[%clk 1:36:19]} 17. a3 {[%clk 1:34:23]} Rac8 {[%clk 1:34:37]} 18. Bd3
{[%clk 1:30:55]} Qb8 {[%clk 1:33:39]} 19. Qe2 {[%clk 1:28:58]} b4
{[%clk 1:30:31]} 20. dxe5 {[%clk 1:23:58]} Nxe5 {[%clk 1:27:54]} 21. Nxe5
{[%clk 1:22:40]} dxe5 {[%clk 1:28:21]} 22. Nc4 {[%clk 1:21:16]} Bc6
{[%clk 1:19:17]} 23. Nb6 {[%clk 1:16:05]} Rcd8 {[%clk 1:19:01]} 24. axb4
{[%clk 1:14:36]} Bxb4 {[%clk 1:11:28]} 25. Rec1 {[%clk 1:11:41]} Bxe4
{[%clk 1:07:12]} 26. Bxe4 {[%clk 1:10:37]} Nxe4 {[%clk 1:07:08]} 27. Rxa4
{[%clk 0:51:37]} Bd2 {[%clk 0:54:24]} 28. Bxd2 {[%clk 0:39:48]} Nxd2
{[%clk 0:40:39]} 29. Rb4 {[%clk 0:25:41]} Qd6 {[%clk 0:36:57]} 30. Rb5
{[%clk 0:25:00]} e4 {[%clk 0:31:47]} 31. Nd5 {[%clk 0:14:34]} Qa6
{[%clk 0:23:17]} 32. Nc7 {[%clk 0:11:18]} Qh6 {[%clk 0:15:03]} 33. Rc2
{[%clk 0:06:52]} Nf3+ {[%clk 0:14:06]} 34. Kh1 {[%clk 0:01:40]} Nd4
{[%clk 0:14:29]} 35. Qxe4 {[%clk 0:02:00]} Nxc2 {[%clk 0:14:39]} 36. Qxc2
{[%clk 0:02:22]} Rd2 {[%clk 0:15:02]} 37. Qf5 {[%clk 0:01:08]} Qd6
{[%clk 0:13:28]} 38. Qe5 {[%clk 0:01:14]} Qxe5 {[%clk 0:13:47]} 39. Rxe5
{[%clk 0:01:40]} Rxb2 {[%clk 0:14:14]} 40. Rf5 {[%clk 0:31:10]} g6
{[%clk 0:44:22]} 41. Rf3 {[%clk 0:30:46]} Rd8 {[%clk 0:44:38]} 42. g3
{[%clk 0:29:14]} Rd6 {[%clk 0:42:02]} 43. Ne8 {[%clk 0:29:27]} Rd1+
{[%clk 0:41:59]} 44. Kg2 {[%clk 0:29:34]} f5 {[%clk 0:39:46]} 45. Nc7
{[%clk 0:22:39]} Kf7 {[%clk 0:39:54]} 46. g4 {[%clk 0:21:41]} Rb7
{[%clk 0:39:17]} 47. Na6 {[%clk 0:19:30]} Rd5 {[%clk 0:37:09]} 48. Rc3
{[%clk 0:18:34]} Ke7 {[%clk 0:33:53]} 49. Nc7 {[%clk 0:14:38]} Re5
{[%clk 0:34:11]} 50. f4 {[%clk 0:14:11]} Re2+ {[%clk 0:34:19]} 51. Kf3
{[%clk 0:14:25]} Rd2 {[%clk 0:29:40]} 52. Re3+ {[%clk 0:14:20]} Kd7
{[%clk 0:29:42]} 53. Ne6 {[%clk 0:14:33]} Kd6 {[%clk 0:23:33]} 54. gxf5
{[%clk 0:12:44]} gxf5 {[%clk 0:21:57]} 55. Nf8 {[%clk 0:11:59]} Rf7
{[%clk 0:19:17]} 56. Re6+ {[%clk 0:08:30]} Kc7 {[%clk 0:19:39]} 57. Re8
{[%clk 0:08:54]} Rd3+ {[%clk 0:19:47]} 58. Kg2 {[%clk 0:08:32]} Rd6
{[%clk 0:18:03]} 59. Ra8 {[%clk 0:07:35]} Kc6 {[%clk 0:18:04]} 60. Ra6+
{[%clk 0:06:12]} Kd5 {[%clk 0:18:22]} 61. Ra5+ {[%clk 0:05:10]} Ke4
{[%clk 0:16:56]} 62. Ra8 {[%clk 0:03:26]} Kxf4 {[%clk 0:16:36]} 63. Re8
{[%clk 0:03:49]} Rd2+ {[%clk 0:16:43]} 64. Kf1 {[%clk 0:04:12]} Ra7
{[%clk 0:15:34]} 65. Ne6+ {[%clk 0:03:16]} Kg3 {[%clk 0:15:38]} 66. Rg8+
{[%clk 0:03:23]} Kh2 {[%clk 0:15:21]} 0-1

[Event "European Youth Chess Championship G18"]
[Site "Prague, Top Hotel Prague"]
[Date "2012.08.22"]
[Round "6.3"]
[White "Aranaz Murillo, Amalia"]
[Black "Rakhmangulova, Anastasiya"]
[Result "1-0"]
[WhiteElo "2237"]
[BlackElo "2234"]
[PlyCount "0"]
[EventDate "2012.08.17"]

1. Nf3 {[%clk 1:30:56]} g6 {[%clk 1:30:56]} 2. e4 {[%clk 1:30:35]} Bg7
{[%clk 1:30:54]} 3. d4 {[%clk 1:30:56]} c5 {[%clk 1:30:59]} 4. dxc5
{[%clk 1:30:34]} Qa5+ {[%clk 1:31:12]} 5. c3 {[%clk 1:30:41]} Qxc5
{[%clk 1:31:14]} 6. Be3 {[%clk 1:26:58]} Qc7 {[%clk 1:30:18]} 7. Nbd2
{[%clk 1:23:34]} d6 {[%clk 1:28:50]} 8. Be2 {[%clk 1:22:25]} Nf6 {[%clk 1:28:38]}
9. h3 {[%clk 1:21:27]} O-O {[%clk 1:28:07]} 10. O-O {[%clk 1:20:48]} Nc6
{[%clk 1:27:49]} 11. Nd4 {[%clk 1:12:25]} d5 {[%clk 1:17:08]} 12. Nb5
{[%clk 1:04:06]} Qd8 {[%clk 1:15:39]} 13. Bf3 {[%clk 1:02:30]} a6
{[%clk 1:11:53]} 14. exd5 {[%clk 0:59:33]} Ne5 {[%clk 1:11:59]} 15. Nd4
{[%clk 0:59:11]} Nxf3+ {[%clk 1:11:55]} 16. Qxf3 {[%clk 0:58:15]} Qxd5
{[%clk 1:07:57]} 17. Rfd1 {[%clk 0:49:58]} e5 {[%clk 1:01:16]} 18. c4
{[%clk 0:48:17]} Qxf3 {[%clk 0:55:05]} 19. N4xf3 {[%clk 0:48:40]} e4
{[%clk 0:55:07]} 20. Ng5 {[%clk 0:42:41]} Bf5 {[%clk 0:42:02]} 21. g4
{[%clk 0:42:23]} h6 {[%clk 0:41:27]} 22. gxf5 {[%clk 0:42:01]} gxf5
{[%clk 0:41:47]} 23. Ngf3 {[%clk 0:35:52]} exf3 {[%clk 0:41:16]} 24. Nxf3
{[%clk 0:36:16]} Rac8 {[%clk 0:35:02]} 25. Rac1 {[%clk 0:32:46]} Kh7
{[%clk 0:29:08]} 26. Nh4 {[%clk 0:25:50]} Ne4 {[%clk 0:27:11]} 27. Rc2
{[%clk 0:21:45]} Rg8 {[%clk 0:21:49]} 28. Kf1 {[%clk 0:20:43]} b5
{[%clk 0:17:20]} 29. Nxf5 {[%clk 0:20:10]} bxc4 {[%clk 0:14:49]} 30. Nxg7
{[%clk 0:19:33]} Rxg7 {[%clk 0:11:48]} 31. Rd4 {[%clk 0:19:45]} Re8
{[%clk 0:09:25]} 32. Bf4 {[%clk 0:14:02]} Nc5 {[%clk 0:06:34]} 33. Rcxc4
{[%clk 0:13:34]} Ne6 {[%clk 0:06:54]} 34. Rd6 {[%clk 0:13:15]} Rg6
{[%clk 0:06:30]} 35. Be3 {[%clk 0:13:07]} a5 {[%clk 0:05:22]} 36. Ra4
{[%clk 0:10:07]} Rb8 {[%clk 0:03:46]} 37. b3 {[%clk 0:09:49]} Rb5
{[%clk 0:04:11]} 38. Ra6 {[%clk 0:08:01]} Rd5 {[%clk 0:01:31]} 39. R6xa5
{[%clk 0:06:02]} Rd1+ {[%clk 0:01:54]} 40. Ke2 {[%clk 0:36:29]} Rgg1
{[%clk 0:31:04]} 41. Rh5 {[%clk 0:35:23]} Rge1+ {[%clk 0:29:37]} 42. Kf3
{[%clk 0:35:48]} Rd3 {[%clk 0:29:54]} 43. Rg4 {[%clk 0:34:36]} Ng7
{[%clk 0:28:39]} 44. Rxh6+ {[%clk 0:34:58]} Kg8 {[%clk 0:29:05]} 45. Rd4
{[%clk 0:33:27]} 1-0

[Event "European Youth Chess Championship G18"]
[Site "Prague, Top Hotel Prague"]
[Date "2012.08.22"]
[Round "6.4"]
[White "Perera Borrego, Mariela"]
[Black "Goryachkina, Aleksandra"]
[Result "0-1"]
[WhiteElo "2066"]
[BlackElo "2361"]
[PlyCount "0"]
[EventDate "2012.08.17"]

1. d4 {[%clk 1:30:57]} d5 {[%clk 1:30:53]} 2. Nf3 {[%clk 1:31:15]} c6
{[%clk 1:31:16]} 3. c4 {[%clk 1:31:36]} e6 {[%clk 1:31:42]} 4. Qc2
{[%clk 1:31:51]} dxc4 {[%clk 1:32:06]} 5. Qxc4 {[%clk 1:32:12]} Nf6
{[%clk 1:32:32]} 6. Bg5 {[%clk 1:27:04]} h6 {[%clk 1:32:55]} 7. Bxf6
{[%clk 1:26:21]} Qxf6 {[%clk 1:33:20]} 8. Nbd2 {[%clk 1:25:41]} g6
{[%clk 1:28:57]} 9. g3 {[%clk 1:24:06]} Bg7 {[%clk 1:28:46]} 10. Bg2
{[%clk 1:24:25]} Nd7 {[%clk 1:26:20]} 11. O-O {[%clk 1:16:28]} O-O
{[%clk 1:26:09]} 12. Qb3 {[%clk 1:11:35]} e5 {[%clk 1:23:42]} 13. Ne4
{[%clk 1:08:11]} Qe7 {[%clk 1:22:10]} 14. d5 {[%clk 1:07:10]} cxd5
{[%clk 1:12:19]} 15. Qxd5 {[%clk 1:07:28]} Nb6 {[%clk 1:08:58]} 16. Qd6
{[%clk 1:05:32]} Qxd6 {[%clk 1:07:24]} 17. Nxd6 {[%clk 1:06:00]} Be6
{[%clk 1:07:27]} 18. Rfd1 {[%clk 0:58:17]} Na4 {[%clk 0:55:17]} 19. Rd2
{[%clk 0:41:35]} Nxb2 {[%clk 0:52:08]} 20. Rb1 {[%clk 0:38:20]} Nc4
{[%clk 0:49:44]} 21. Nxc4 {[%clk 0:38:32]} Bxc4 {[%clk 0:50:13]} 22. Rxb7
{[%clk 0:38:37]} Rfb8 {[%clk 0:43:09]} 23. Ne1 {[%clk 0:30:34]} Rxb7
{[%clk 0:39:32]} 24. Bxb7 {[%clk 0:29:28]} Rb8 {[%clk 0:39:51]} 25. Be4
{[%clk 0:29:22]} f5 {[%clk 0:31:59]} 26. Bd3 {[%clk 0:27:06]} Bd5
{[%clk 0:27:55]} 27. Ba6 {[%clk 0:21:08]} Be6 {[%clk 0:25:16]} 28. Nd3
{[%clk 0:15:28]} Rb1+ {[%clk 0:12:04]} 29. Kg2 {[%clk 0:15:56]} Ra1
{[%clk 0:11:07]} 30. Nc5 {[%clk 0:14:39]} Rxa2 {[%clk 0:09:23]} 31. Rd8+
{[%clk 0:13:21]} Kh7 {[%clk 0:07:44]} 32. Bb5 {[%clk 0:07:16]} Bf7
{[%clk 0:07:04]} 33. Rd7 {[%clk 0:04:05]} Bg8 {[%clk 0:07:20]} 34. Rd8
{[%clk 0:03:22]} Ra5 {[%clk 0:06:33]} 35. Rb8 {[%clk 0:03:42]} Bd5+
{[%clk 0:06:48]} 36. f3 {[%clk 0:03:41]} e4 {[%clk 0:06:11]} 37. Nd7
{[%clk 0:01:49]} exf3+ {[%clk 0:04:24]} 38. exf3 {[%clk 0:02:04]} Ra2+
{[%clk 0:04:19]} 39. Kh3 {[%clk 0:01:56]} Bxf3 {[%clk 0:03:38]} 40. g4
{[%clk 0:30:53]} Bxg4+ {[%clk 0:32:29]} 41. Kg3 {[%clk 0:31:06]} Ra3+
{[%clk 0:31:58]} 42. Kg2 {[%clk 0:30:05]} 0-1

[Event "European Youth Chess Championship G18"]
[Site "Prague, Top Hotel Prague"]
[Date "2012.08.22"]
[Round "6.5"]
[White "Iwanow, Anna"]
[Black "Lach, Aleksandra"]
[Result "1/2-1/2"]
[WhiteElo "2205"]
[BlackElo "2157"]
[PlyCount "0"]
[EventDate "2012.08.17"]

1. e4 {[%clk 1:30:59]} c5 {[%clk 1:30:44]} 2. Nf3 {[%clk 1:31:22]} d6
{[%clk 1:31:00]} 3. d4 {[%clk 1:31:40]} cxd4 {[%clk 1:31:13]} 4. Nxd4
{[%clk 1:32:03]} Nf6 {[%clk 1:31:39]} 5. Nc3 {[%clk 1:32:18]} a6 {[%clk 1:31:44]}
6. Be3 {[%clk 1:32:37]} e5 {[%clk 1:31:27]} 7. Nb3 {[%clk 1:33:01]} Be6
{[%clk 1:31:20]} 8. f4 {[%clk 1:33:17]} Be7 {[%clk 1:24:03]} 9. f5
{[%clk 1:26:46]} Bd7 {[%clk 1:23:38]} 10. Qf3 {[%clk 1:18:17]} b5
{[%clk 1:14:45]} 11. a3 {[%clk 0:55:25]} Bc6 {[%clk 1:10:10]} 12. O-O-O
{[%clk 0:51:26]} h5 {[%clk 0:56:59]} 13. g3 {[%clk 0:44:01]} Nbd7
{[%clk 0:51:45]} 14. h3 {[%clk 0:41:57]} Qc7 {[%clk 0:47:34]} 15. Be2
{[%clk 0:29:55]} Rc8 {[%clk 0:35:30]} 16. Rd2 {[%clk 0:21:53]} Nb6
{[%clk 0:31:48]} 17. g4 {[%clk 0:11:31]} Nc4 {[%clk 0:27:40]} 18. g5
{[%clk 0:10:37]} Bxe4 {[%clk 0:14:18]} 19. Qf1 {[%clk 0:04:32]} Nxe3
{[%clk 0:06:38]} 20. Qg1 {[%clk 0:04:38]} Bxh1 {[%clk 0:06:36]} 21. gxf6
{[%clk 0:04:34]} Bxf6 {[%clk 0:06:57]} 22. Qxh1 {[%clk 0:01:55]} d5
{[%clk 0:05:33]} 23. Kb1 {[%clk 0:00:46]} d4 {[%clk 0:04:57]} 24. Ne4
{[%clk 0:01:01]} Qe7 {[%clk 0:04:12]} 25. Qg1 {[%clk 0:00:50]} Nc4
{[%clk 0:03:02]} 26. Rd3 {[%clk 0:00:42]} h4 {[%clk 0:02:57]} 27. Nc1
{[%clk 0:00:37]} Rh6 {[%clk 0:01:54]} 28. Nb3 {[%clk 0:00:47]} Kf8
{[%clk 0:01:36]} 29. Rd1 {[%clk 0:00:42]} Qc7 {[%clk 0:01:26]} 30. Bd3
{[%clk 0:00:45]} Be7 {[%clk 0:01:14]} 31. Ka2 {[%clk 0:00:45]} a5
{[%clk 0:01:30]} 32. Qf2 {[%clk 0:00:44]} a4 {[%clk 0:01:30]} 33. Nbd2
{[%clk 0:00:46]} Ne3 {[%clk 0:01:25]} 34. Rg1 {[%clk 0:00:47]} b4
{[%clk 0:01:36]} 35. axb4 {[%clk 0:00:58]} a3 {[%clk 0:01:30]} 36. f6
{[%clk 0:01:09]} Bxf6 {[%clk 0:01:41]} 37. bxa3 {[%clk 0:01:10]} Ra8
{[%clk 0:01:10]} 38. Nxf6 {[%clk 0:00:42]} Rxf6 {[%clk 0:01:12]} 39. Qxh4
{[%clk 0:01:11]} Qa7 {[%clk 0:00:46]} 40. Nb1 {[%clk 0:31:21]} Nd5
{[%clk 0:30:53]} 41. Kb2 {[%clk 0:23:05]} Nc3 {[%clk 0:23:04]} 42. Be4
{[%clk 0:23:04]} Rb8 {[%clk 0:22:04]} 43. Nxc3 {[%clk 0:17:59]} dxc3+
{[%clk 0:22:25]} 44. Kb3 {[%clk 0:18:02]} Rxb4+ {[%clk 0:07:25]} 45. axb4
{[%clk 0:17:00]} Qxg1 {[%clk 0:06:55]} 46. Qh8+ {[%clk 0:08:48]} Ke7
{[%clk 0:07:24]} 47. Qc8 {[%clk 0:07:12]} Qb1+ {[%clk 0:04:20]} 48. Kxc3
{[%clk 0:02:47]} Qe1+ {[%clk 0:03:32]} 49. Kb3 {[%clk 0:02:34]} Qxe4
{[%clk 0:01:35]} 50. Qc7+ {[%clk 0:02:56]} Ke6 {[%clk 0:01:49]} 51. Qc8+
{[%clk 0:03:19]} Kd6 {[%clk 0:01:55]} 52. Qd8+ {[%clk 0:03:29]} Ke6
{[%clk 0:02:16]} 53. Qc8+ {[%clk 0:03:48]} Kd5 {[%clk 0:01:36]} 54. Qc5+
{[%clk 0:03:51]} Ke6 {[%clk 0:02:03]} 55. Qc8+ {[%clk 0:03:54]} 1/2-1/2

[Event "European Youth Chess Championship G18"]
[Site "Prague, Top Hotel Prague"]
[Date "2012.08.22"]
[Round "6.6"]
[White "Grigoryeva, Olga A"]
[Black "Froewis, Annika"]
[Result "1/2-1/2"]
[WhiteElo "2190"]
[BlackElo "2000"]
[PlyCount "0"]
[EventDate "2012.08.17"]

1. d4 {[%clk 1:30:58]} d5 {[%clk 1:30:56]} 2. c4 {[%clk 1:31:25]} e6
{[%clk 1:31:22]} 3. Nc3 {[%clk 1:31:50]} Nf6 {[%clk 1:31:47]} 4. cxd5
{[%clk 1:32:10]} exd5 {[%clk 1:32:03]} 5. Bg5 {[%clk 1:32:32]} c6
{[%clk 1:31:59]} 6. e3 {[%clk 1:32:53]} Be7 {[%clk 1:32:15]} 7. Bd3
{[%clk 1:33:01]} Nbd7 {[%clk 1:32:27]} 8. Qc2 {[%clk 1:33:04]} Nh5
{[%clk 1:31:59]} 9. Bxe7 {[%clk 1:30:13]} Qxe7 {[%clk 1:32:22]} 10. Nf3
{[%clk 1:26:21]} Nf4 {[%clk 1:29:07]} 11. Bf1 {[%clk 1:20:22]} Ne6
{[%clk 1:24:19]} 12. Bd3 {[%clk 1:19:00]} Nf4 {[%clk 1:24:09]} 13. Bf1
{[%clk 1:18:29]} Ne6 {[%clk 1:21:03]} 14. h4 {[%clk 1:18:35]} Nb6
{[%clk 1:17:54]} 15. Ne5 {[%clk 1:05:05]} Nd7 {[%clk 1:02:58]} 16. Nf3
{[%clk 0:59:31]} Nb6 {[%clk 1:02:48]} 17. O-O-O {[%clk 0:55:50]} Bd7
{[%clk 0:55:45]} 18. Ne5 {[%clk 0:47:47]} O-O-O {[%clk 0:52:39]} 19. a4
{[%clk 0:46:34]} Be8 {[%clk 0:48:10]} 20. a5 {[%clk 0:44:54]} Na8
{[%clk 0:47:57]} 21. a6 {[%clk 0:31:04]} b6 {[%clk 0:42:44]} 22. Na4
{[%clk 0:29:19]} Kb8 {[%clk 0:39:03]} 23. Qb3 {[%clk 0:29:37]} c5
{[%clk 0:32:20]} 24. Bb5 {[%clk 0:21:05]} c4 {[%clk 0:28:56]} 25. Bxe8
{[%clk 0:21:23]} Qxe8 {[%clk 0:18:13]} 26. Qa3 {[%clk 0:16:59]} f6
{[%clk 0:17:54]} 27. Nf3 {[%clk 0:17:04]} Qf8 {[%clk 0:12:24]} 28. Qxf8
{[%clk 0:15:30]} Rhxf8 {[%clk 0:12:44]} 29. Kd2 {[%clk 0:15:47]} Rd6
{[%clk 0:08:28]} 30. Nc3 {[%clk 0:14:22]} Nac7 {[%clk 0:08:28]} 31. Ra1
{[%clk 0:14:46]} b5 {[%clk 0:06:43]} 32. b4 {[%clk 0:10:55]} Rfd8
{[%clk 0:05:27]} 33. Rhb1 {[%clk 0:09:31]} Rb6 {[%clk 0:04:48]} 34. Ra3
{[%clk 0:08:11]} Rdd6 {[%clk 0:04:51]} 35. Rba1 {[%clk 0:08:37]} Nd8
{[%clk 0:04:08]} 36. Ne1 {[%clk 0:09:00]} Kc8 {[%clk 0:03:55]} 37. Nc2
{[%clk 0:08:08]} Nc6 {[%clk 0:03:45]} 38. f3 {[%clk 0:08:21]} f5 {[%clk 0:03:53]}
39. Rf1 {[%clk 0:02:27]} Rg6 {[%clk 0:03:04]} 40. Rf2 {[%clk 0:32:41]} Rh6
{[%clk 0:31:54]} 41. e4 {[%clk 0:24:59]} Rxh4 {[%clk 0:23:50]} 42. g3
{[%clk 0:20:33]} Rh3 {[%clk 0:21:08]} 43. exd5 {[%clk 0:16:44]} Ne7
{[%clk 0:18:24]} 44. g4 {[%clk 0:15:41]} Ncxd5 {[%clk 0:15:09]} 45. Nxd5
{[%clk 0:13:23]} Nxd5 {[%clk 0:15:37]} 46. gxf5 {[%clk 0:13:07]} Rg3
{[%clk 0:11:06]} 47. Ra5 {[%clk 0:10:45]} Rg5 {[%clk 0:08:49]} 48. Re2
{[%clk 0:07:13]} Rxf5 {[%clk 0:05:46]} 49. Re8+ {[%clk 0:07:24]} Kd7
{[%clk 0:06:14]} 50. Ra8 {[%clk 0:07:26]} Nc7 {[%clk 0:06:01]} 51. Rxa7
{[%clk 0:07:19]} Rf8 {[%clk 0:04:20]} 52. Na3 {[%clk 0:05:55]} Kc6
{[%clk 0:03:41]} 53. d5+ {[%clk 0:01:52]} Nxd5 {[%clk 0:03:42]} 54. Rxg7
{[%clk 0:02:07]} Nxb4 {[%clk 0:03:07]} 55. a7 {[%clk 0:02:05]} Ra8
{[%clk 0:02:44]} 56. Rxh7 {[%clk 0:02:29]} Ra6 {[%clk 0:02:18]} 57. Rh6+
{[%clk 0:02:34]} Kb7 {[%clk 0:01:25]} 58. Rxb5+ {[%clk 0:02:58]} Kc7
{[%clk 0:01:24]} 59. Rh7+ {[%clk 0:01:47]} Kc6 {[%clk 0:01:37]} 60. Rxb4
{[%clk 0:00:51]} Rxa3 {[%clk 0:01:55]} 61. Rxc4+ {[%clk 0:01:19]} Kd5
{[%clk 0:01:47]} 62. Rcc7 {[%clk 0:00:52]} Rxf3 {[%clk 0:01:38]} 63. Rhd7+
{[%clk 0:01:21]} Ke6 {[%clk 0:02:02]} 64. Kc2 {[%clk 0:01:43]} Rh3
{[%clk 0:01:43]} 65. Kb2 {[%clk 0:02:05]} Rg3 {[%clk 0:01:40]} 66. Rb7
{[%clk 0:02:12]} Rh3 {[%clk 0:01:52]} 67. Rg7 {[%clk 0:02:06]} Kd6
{[%clk 0:01:33]} 68. Rb8 {[%clk 0:00:52]} Rh8 {[%clk 0:01:57]} 69. Rgb7
{[%clk 0:00:46]} Rxa7 {[%clk 0:01:26]} 70. Rb6+ {[%clk 0:00:53]} Kc7
{[%clk 0:01:50]} 71. Rxh8 {[%clk 0:01:16]} Kxb6 {[%clk 0:01:42]} 1/2-1/2

[Event "European Youth Chess Championship G18"]
[Site "Prague, Top Hotel Prague"]
[Date "2012.08.22"]
[Round "6.7"]
[White "Efroimski, Marsel"]
[Black "Sviridova, Vlada"]
[Result "0-1"]
[WhiteElo "2174"]
[BlackElo "2132"]
[PlyCount "0"]
[EventDate "2012.08.17"]

1. e4 {[%clk 1:30:59]} e6 {[%clk 1:30:57]} 2. d4 {[%clk 1:31:26]} d5
{[%clk 1:31:23]} 3. Nd2 {[%clk 1:31:29]} c5 {[%clk 1:31:47]} 4. Ngf3
{[%clk 1:31:51]} cxd4 {[%clk 1:32:05]} 5. Nxd4 {[%clk 1:32:10]} Nc6
{[%clk 1:32:20]} 6. Bb5 {[%clk 1:32:27]} Bd7 {[%clk 1:32:44]} 7. Bxc6
{[%clk 1:32:51]} bxc6 {[%clk 1:32:02]} 8. O-O {[%clk 1:32:43]} Bd6
{[%clk 1:16:48]} 9. Re1 {[%clk 1:27:06]} Nh6 {[%clk 1:06:51]} 10. Nf1
{[%clk 0:43:22]} O-O {[%clk 1:05:11]} 11. e5 {[%clk 0:36:10]} Bc7
{[%clk 1:00:01]} 12. Bxh6 {[%clk 0:27:47]} gxh6 {[%clk 1:00:25]} 13. Ng3
{[%clk 0:27:38]} Kh8 {[%clk 0:53:43]} 14. Nh5 {[%clk 0:22:50]} c5
{[%clk 0:28:27]} 15. Nf3 {[%clk 0:22:09]} Rg8 {[%clk 0:28:23]} 16. Qd2
{[%clk 0:20:14]} Rg6 {[%clk 0:23:14]} 17. Nf6 {[%clk 0:18:23]} Rxf6
{[%clk 0:18:54]} 18. exf6 {[%clk 0:18:52]} Qxf6 {[%clk 0:19:23]} 19. Qe3
{[%clk 0:15:02]} Rc8 {[%clk 0:16:28]} 20. Ne5 {[%clk 0:15:11]} Bxe5
{[%clk 0:16:34]} 21. Qxe5 {[%clk 0:15:39]} Qxe5 {[%clk 0:16:56]} 22. Rxe5
{[%clk 0:16:08]} f6 {[%clk 0:17:07]} 23. Re3 {[%clk 0:15:33]} e5 {[%clk 0:16:57]}
24. f4 {[%clk 0:13:21]} d4 {[%clk 0:14:07]} 25. Ra3 {[%clk 0:13:11]} Bf5
{[%clk 0:09:54]} 26. fxe5 {[%clk 0:11:56]} fxe5 {[%clk 0:10:20]} 27. Re1
{[%clk 0:11:55]} e4 {[%clk 0:09:51]} 28. Rxa7 {[%clk 0:11:17]} e3
{[%clk 0:10:13]} 29. Rf7 {[%clk 0:03:28]} Bxc2 {[%clk 0:07:13]} 30. Rd7
{[%clk 0:03:33]} Re8 {[%clk 0:06:57]} 31. b4 {[%clk 0:02:20]} d3 {[%clk 0:05:47]}
32. b5 {[%clk 0:02:38]} c4 {[%clk 0:04:48]} 33. b6 {[%clk 0:03:00]} Ba4
{[%clk 0:04:37]} 34. Rd4 {[%clk 0:00:44]} d2 {[%clk 0:04:42]} 35. Rb1
{[%clk 0:00:38]} c3 {[%clk 0:04:21]} 36. b7 {[%clk 0:00:44]} c2 {[%clk 0:04:19]}
37. b8=Q {[%clk 0:01:07]} c1=Q+ {[%clk 0:04:33]} 0-1

[Event "European Youth Chess Championship G18"]
[Site "Prague, Top Hotel Prague"]
[Date "2012.08.22"]
[Round "6.8"]
[White "Shvayger, Yuliya"]
[Black "Neuhauser, Salome"]
[Result "1-0"]
[WhiteElo "2202"]
[BlackElo "2026"]
[PlyCount "0"]
[EventDate "2012.08.17"]

1. e4 {[%clk 1:30:58]} c5 {[%clk 1:30:54]} 2. Nf3 {[%clk 1:31:25]} d6
{[%clk 1:31:18]} 3. d4 {[%clk 1:31:50]} cxd4 {[%clk 1:31:44]} 4. Nxd4
{[%clk 1:32:14]} Nf6 {[%clk 1:32:09]} 5. Nc3 {[%clk 1:32:40]} a6 {[%clk 1:32:36]}
6. f4 {[%clk 1:33:05]} Nbd7 {[%clk 1:32:11]} 7. Bd3 {[%clk 1:26:22]} g6
{[%clk 1:30:27]} 8. Nf3 {[%clk 1:26:00]} Qc7 {[%clk 1:27:34]} 9. O-O
{[%clk 1:25:42]} Bg7 {[%clk 1:27:51]} 10. Qe1 {[%clk 1:24:52]} O-O
{[%clk 1:12:08]} 11. Kh1 {[%clk 1:24:45]} Nc5 {[%clk 0:55:01]} 12. Qh4
{[%clk 1:13:19]} Rd8 {[%clk 0:31:30]} 13. e5 {[%clk 0:46:01]} Nxd3
{[%clk 0:27:55]} 14. cxd3 {[%clk 0:37:17]} dxe5 {[%clk 0:27:09]} 15. fxe5
{[%clk 0:37:45]} Ng4 {[%clk 0:25:10]} 16. d4 {[%clk 0:30:28]} h5 {[%clk 0:17:17]}
17. h3 {[%clk 0:24:07]} Nh6 {[%clk 0:16:46]} 18. Bxh6 {[%clk 0:24:35]} Bxh6
{[%clk 0:17:13]} 19. g4 {[%clk 0:24:56]} hxg4 {[%clk 0:13:58]} 20. hxg4
{[%clk 0:25:23]} Bg7 {[%clk 0:13:44]} 21. Ng5 {[%clk 0:25:10]} Qc6+
{[%clk 0:08:29]} 22. d5 {[%clk 0:23:25]} Rxd5 {[%clk 0:08:13]} 23. Qh7+
{[%clk 0:23:54]} Kf8 {[%clk 0:08:42]} 24. Rxf7+ {[%clk 0:24:15]} Ke8
{[%clk 0:09:11]} 25. Qg8+ {[%clk 0:24:37]} Kd7 {[%clk 0:09:37]} 26. Rxe7+
{[%clk 0:25:03]} 1-0